<?xml version="1.0" encoding="UTF-8"?>
<record
    xmlns:xsi="http://www.w3.org/2001/XMLSchema-instance"
    xsi:schemaLocation="http://www.loc.gov/MARC21/slim http://www.loc.gov/standards/marcxml/schema/MARC21slim.xsd"
    xmlns="http://www.loc.gov/MARC21/slim">

  <leader>01339nam a22002777a 4500</leader>
  <controlfield tag="005">20180803170218.0</controlfield>
  <controlfield tag="008">160202b2007    ck ||||| |||| 00| 0 spa d</controlfield>
  <datafield tag="040" ind1=" " ind2=" ">
    <subfield code="a">CO-BoIAVH </subfield>
    <subfield code="c">CO-BoIAVH </subfield>
  </datafield>
  <datafield tag="041" ind1=" " ind2=" ">
    <subfield code="a">spa</subfield>
  </datafield>
  <datafield tag="044" ind1=" " ind2=" ">
    <subfield code="a">ck</subfield>
  </datafield>
  <datafield tag="090" ind1=" " ind2=" ">
    <subfield code="a">IAVH</subfield>
    <subfield code="b">01617</subfield>
  </datafield>
  <datafield tag="111" ind1=" " ind2=" ">
    <subfield code="a">Taller de discusi&#xF3;n sobre elementos con conceptuales de la propuesta de &#xE1;reas con alto valor de conservaci&#xF3;n (AAVC) (</subfield>
    <subfield code="c">Villavicencio, Meta: </subfield>
    <subfield code="d">Septiembre 19, 2007)</subfield>
  </datafield>
  <datafield tag="245" ind1="1" ind2="0">
    <subfield code="a">Memorias del taller de discusi&#xF3;n sobre elementos con conceptuales de la propuesta de &#xE1;reas con alto valor de conservaci&#xF3;n (AAVC).</subfield>
  </datafield>
  <datafield tag="260" ind1=" " ind2=" ">
    <subfield code="a">Villavicencio:</subfield>
    <subfield code="b">Instituto Alexander von Humboldt,</subfield>
    <subfield code="b">WWF, </subfield>
    <subfield code="c">2007.</subfield>
  </datafield>
  <datafield tag="300" ind1=" " ind2=" ">
    <subfield code="a">163 p&#xE1;ginas.</subfield>
  </datafield>
  <datafield tag="500" ind1=" " ind2=" ">
    <subfield code="a">Contrato 07-07-206-0337PS</subfield>
  </datafield>
  <datafield tag="500" ind1=" " ind2=" ">
    <subfield code="a">Proyecto Identificaci&#xF3;n de &#xE1;reas con alto valor de conservaci&#xF3;n (AAVC) en &#xE1;reas de expansi&#xF3;n palmera en la Orinoquia Colombiana</subfield>
  </datafield>
  <datafield tag="650" ind1="1" ind2="4">
    <subfield code="a">&#xC1;reas protegidas</subfield>
    <subfield code="v">talleres, congresos, etc.</subfield>
    <subfield code="y">Villavicencio, Meta</subfield>
  </datafield>
  <datafield tag="650" ind1="1" ind2="4">
    <subfield code="a">AAVC</subfield>
  </datafield>
  <datafield tag="650" ind1="1" ind2="4">
    <subfield code="a">&#xC1;reas de consevaci&#xF3;n</subfield>
    <subfield code="z">talleres, congresos, etc.</subfield>
    <subfield code="y">Villavicencio, Meta</subfield>
  </datafield>
  <datafield tag="700" ind1="1" ind2=" ">
    <subfield code="a">Gonz&#xE1;lez, Olga Victoria</subfield>
  </datafield>
  <datafield tag="700" ind1="1" ind2=" ">
    <subfield code="a">Su&#xE1;rez, C&#xE9;sar Freddy</subfield>
  </datafield>
  <datafield tag="710" ind1="1" ind2=" ">
    <subfield code="a">Phillips-Bernal, Juan Fernando</subfield>
    <subfield code="e">compilador</subfield>
  </datafield>
  <datafield tag="710" ind1="1" ind2=" ">
    <subfield code="a">Hildebrand, Patricio von</subfield>
    <subfield code="e">fot&#xF3;grafo</subfield>
  </datafield>
  <datafield tag="942" ind1=" " ind2=" ">
    <subfield code="2">z</subfield>
    <subfield code="c">INFORME</subfield>
  </datafield>
  <datafield tag="999" ind1=" " ind2=" ">
    <subfield code="c">18081</subfield>
    <subfield code="d">18081</subfield>
  </datafield>
  <datafield tag="952" ind1=" " ind2=" ">
    <subfield code="0">0</subfield>
    <subfield code="1">0</subfield>
    <subfield code="2">z</subfield>
    <subfield code="4">0</subfield>
    <subfield code="7">0</subfield>
    <subfield code="8">HUMBOLDT</subfield>
    <subfield code="I">INV2017</subfield>
    <subfield code="a">Bogota</subfield>
    <subfield code="b">Bogota</subfield>
    <subfield code="d">2016-02-02</subfield>
    <subfield code="l">0</subfield>
    <subfield code="o">IAVH-01618</subfield>
    <subfield code="p">039667</subfield>
    <subfield code="r">2016-02-02 00:00:00</subfield>
    <subfield code="t">Ej. 1</subfield>
    <subfield code="w">2016-02-02</subfield>
    <subfield code="x">Institucional</subfield>
    <subfield code="y">INFORME</subfield>
  </datafield>
</record>
